[Event "POL-chT3 Dolnoslaskie 1617"]
[Site "Poland"]
[Date "2017.01.22"]
[Round "6.12"]
[White "Stoop, Jan"]
[Black "Wolska, Marta"]
[Result "0-1"]
[WhiteElo "1746"]
[BlackElo "1553"]
[PlyCount "78"]
[EventDate "2016.10.16"]
[EventType "team-tourn"]
[EventRounds "11"]
[EventCountry "POL"]
[SourceTitle "EXT 2018"]
[Source "ChessBase"]
[SourceDate "2017.10.13"]
[SourceVersion "1"]
[SourceVersionDate "2017.10.13"]
[SourceQuality "1"]

1. e4 d5 2. exd5 Qxd5 3. Nc3 Qd8 4. d4 Nf6 5. Bc4 e6 6. Nf3 Bb4 7. Bg5 c6 8. 0-0 Bxc3 9. bxc3 0-0 10. Ne5 Nbd7 11. f4 Qa5 12. Nxd7 Nxd7 13. Be7 Re8 14. Bb4 Qc7 15. Bd3 b6 16. c4 c5 17. Bc3 cxd4 18. Bxd4 e5 19. fxe5 Nxe5 20. Qh5 Nxd3 21. cxd3 Re6 22. Rae1 Qd7 23. Qg4 Rg6 24. Qxd7 Bxd7 25. Re7 Be6 26. a4 Kf8 27. Rc7 Rd8 28. Rf4 Rd7 29. Rc8+ Ke7 30. c5 Rxd4 31. Rxd4 Bxc8 32. cxb6 Rxb6 33. Rc4 Kd7 34. Kf2 Ba6 35. Rf4 Ke7 36. Ke3 Re6+ 37. Kd2 Rd6 38. d4 Bb7 39. Rg4 Rg6 0-1

[Event "POL-chT3 Dolnoslaskie 1617"]
[Site "Poland"]
[Date "2016.12.11"]
[Round "4.23"]
[White "Stoop, Jan"]
[Black "Szmyd, Marek"]
[Result "0-1"]
[WhiteElo "1746"]
[BlackElo "1930"]
[PlyCount "46"]
[EventDate "2016.10.16"]
[EventType "team-tourn"]
[EventRounds "11"]
[EventCountry "POL"]
[SourceTitle "EXT 2018"]
[Source "ChessBase"]
[SourceDate "2017.10.13"]
[SourceVersion "1"]
[SourceVersionDate "2017.10.13"]
[SourceQuality "1"]

1. Nf3 b6 2. g3 Bb7 3. Bg2 Nf6 4. d4 e6 5. c4 Bb4+ 6. Bd2 Bxd2+ 7. Nbxd2 Qe7 8. 0-0 d6 9. Re1 Nbd7 10. e4 e5 11. Qc2 0-0 12. b4 a5 13. a3 Rfe8 14. d5 g6 15. Nb3 a4 16. Nbd2 Rec8 17. Qd3 c6 18. Bh3 Rc7 19. Qe3 cxd5 20. exd5 b5 21. Qd3 bxc4 22. Bxd7 Rxd7 23. Nxc4 Nxd5 0-1

[Event "Polanica Zdroj op-D 49th"]
[Site "Polanica Zdroj"]
[Date "2013.08.18"]
[Round "2"]
[White "Stoop, Jan"]
[Black "Lipski, Lukasz"]
[Result "1/2-1/2"]
[WhiteElo "1782"]
[BlackElo "1608"]
[PlyCount "146"]
[EventDate "2013.08.17"]
[EventType "swiss"]
[EventRounds "9"]
[EventCountry "POL"]
[SourceTitle "EXT 2014"]
[Source "ChessBase"]
[SourceDate "2013.11.20"]
[SourceVersion "1"]
[SourceVersionDate "2013.11.20"]
[SourceQuality "1"]

1. Nf3 Nf6 2. c4 b6 3. g3 Bb7 4. Bg2 e6 5. Nc3 Be7 6. 0-0 0-0 7. d4 d5 8. b3 c5 9. Bb2 dxc4 10. bxc4 cxd4 11. Nxd4 Bxg2 12. Kxg2 Qd7 13. e3 Nc6 14. Rc1 Nxd4 15. exd4 Qc6+ 16. d5 Qxc4 17. d6 Qc6+ 18. Kg1 Qxd6 19. Qf3 Qb4 20. Ba1 Qg4 21. Qg2 Nh5 22. h3 Qg6 23. Nb5 Bc5 24. Kh2 a6 25. Nd4 Rad8 26. Nc6 Rde8 27. Ne5 Qh6 28. Nd7 Rd8 29. Nxf8 Kxf8 30. Rcd1 Re8 31. Be5 Nf6 32. Bd6+ Bxd6 33. Rxd6 Nd5 34. Rd7 Qd2 35. Qf3 Re7 36. Rd8+ Re8 37. Qa3+ Qb4 38. Rxe8+ Kxe8 39. Qxa6 Ke7 40. Qd3 g6 41. Rd1 Qc5 42. Rd2 h5 43. h4 Ke8 44. Rc2 Qa5 45. Rd2 Qc5 46. a4 Ke7 47. Qd4 Qxd4 48. Rxd4 Kd6 49. Rc4 Nc7 50. Kg2 b5 51. axb5 Nxb5 52. Kf3 Ke7 53. Rb4 Nd6 54. Ra4 Nf5 55. Kg2 Kf6 56. Ra7 Nh6 57. f3 Kf5 58. Ra8 f6 59. Ra7 Ke5 60. Ra5+ Kd6 61. Ra6+ Ke5 62. f4+ Kf5 63. Ra5+ Kg4 64. Ra6 Kf5 65. Ra5+ Kg4 66. Ra6 Kf5 67. Ra5+ Kg4 68. Ra6 Kf5 69. Kf3 Ng4 70. Ra5+ e5 71. fxe5 Nxe5+ 72. Ke3 Kg4 73. Kf2 Kf5 1/2-1/2

[Event "Wroclaw Anderssen Memorial op 22nd"]
[Site "Wroclaw"]
[Date "2013.06.29"]
[Round "6"]
[White "Kumala, Aleksander"]
[Black "Stoop, Jan"]
[Result "1/2-1/2"]
[WhiteElo "1954"]
[BlackElo "1782"]
[PlyCount "55"]
[EventDate "2013.06.29"]
[EventType "swiss (rapid)"]
[EventRounds "9"]
[EventCountry "POL"]
[SourceTitle "CBM 155 Extra"]
[Source "ChessBase"]
[SourceDate "2013.08.26"]
[SourceVersion "1"]
[SourceVersionDate "2013.08.26"]
[SourceQuality "1"]

1. e4 e5 2. Nf3 Nc6 3. Bb5 a6 4. Bxc6 dxc6 5. 0-0 Bg4 6. d3 Bd6 7. Be3 Ne7 8. Nbd2 0-0 9. h3 Bxf3 10. Qxf3 f5 11. exf5 Nxf5 12. Qe2 b6 13. Ne4 a5 14. Qh5 g6 15. Qg4 Qe7 16. Bg5 Qe6 17. a3 Be7 18. Rae1 Rae8 19. Bxe7 Rxe7 20. Ng5 Qf6 21. Qc4+ Kg7 22. f4 Nd4 23. fxe5 Ne2+ 24. Kh1 Ng3+ 25. Kg1 Ne2+ 26. Kh1 Ng3+ 27. Kg1 Ne2+ 28. Kh1 1/2-1/2

[Event "Wroclaw Anderssen Memorial op 22nd"]
[Site "Wroclaw"]
[Date "2013.06.29"]
[Round "5"]
[White "Stoop, Jan"]
[Black "Piotrowski, Przemyslaw"]
[Result "0-1"]
[WhiteElo "1782"]
[BlackElo "2030"]
[PlyCount "72"]
[EventDate "2013.06.29"]
[EventType "swiss (rapid)"]
[EventRounds "9"]
[EventCountry "POL"]
[SourceTitle "CBM 155 Extra"]
[Source "ChessBase"]
[SourceDate "2013.08.26"]
[SourceVersion "1"]
[SourceVersionDate "2013.08.26"]
[SourceQuality "1"]

1. d4 d5 2. c4 dxc4 3. e4 Nf6 4. e5 Nd5 5. Bxc4 Nb6 6. Bb3 Bf5 7. Nf3 e6 8. Nc3 Bb4 9. Bg5 Qd7 10. 0-0 Nc6 11. Rc1 Bg4 12. Be3 0-0 13. Ne4 Bxf3 14. Qxf3 Nxd4 15. Bxd4 Qxd4 16. Rxc7 Qxe5 17. Rxb7 Qxb2 18. Qg4 Qe5 19. Ng5 Bd6 20. f4 Qf6 21. f5 Nd5 22. Bxd5 exd5 23. Rd1 Rab8 24. Rxb8 Rxb8 25. Nf3 Bc5+ 26. Kh1 Rd8 27. Rc1 Bb6 28. Qf4 d4 29. g4 h6 30. Rd1 Qc6 31. Kg2 d3 32. Rc1 Qd5 33. Qe5 Qxa2+ 34. Kh3 Qf2 35. Qg3 d2 36. Rd1 Qe2 0-1

[Event "Wroclaw Anderssen Memorial op 22nd"]
[Site "Wroclaw"]
[Date "2013.06.29"]
[Round "7"]
[White "Stoop, Jan"]
[Black "Zmarzly, Aleksandra"]
[Result "0-1"]
[WhiteElo "1782"]
[BlackElo "2030"]
[PlyCount "67"]
[EventDate "2013.06.29"]
[EventType "swiss (rapid)"]
[EventRounds "9"]
[EventCountry "POL"]
[SourceTitle "CBM 155 Extra"]
[Source "ChessBase"]
[SourceDate "2013.08.26"]
[SourceVersion "1"]
[SourceVersionDate "2013.08.26"]
[SourceQuality "1"]

1. e4 c5 2. Nf3 d6 3. d4 cxd4 4. Nxd4 Nf6 5. Nc3 a6 6. Be2 e6 7. Be3 Nbd7 8. 0-0 b5 9. Bf3 Bb7 10. a3 Rc8 11. Re1 Ne5 12. Bg5 Be7 13. Bxf6 Bxf6 14. Be2 0-0 15. f4 Nc4 16. Bxc4 Rxc4 17. Nde2 Qb6+ 18. Kh1 Bxe4 19. Nxe4 Rxe4 20. c3 d5 21. Qd2 Rd8 22. Ng3 Rxe1+ 23. Rxe1 Kf8 24. Nh5 Bh4 25. g3 Be7 26. f5 exf5 27. Nxg7 Qg6 28. Qe3 Bg5 29. Qe5 Qxg7 30. Qxf5 Qg6 31. Qf3 Qf6 32. Qd3 d4 33. Rf1 Qc6+ 34. Rf3 0-1

[Event "Polanica Zdroj op-D 48th"]
[Site "Polanica Zdroj"]
[Date "2012.08.26"]
[Round "9"]
[White "Stoop, Jan"]
[Black "Rylska, Kamila"]
[Result "1/2-1/2"]
[WhiteElo "1761"]
[BlackElo "1334"]
[PlyCount "45"]
[EventDate "2012.08.18"]
[EventType "swiss"]
[EventRounds "9"]
[EventCountry "POL"]
[SourceTitle "EXT 2014"]
[Source "ChessBase"]
[SourceDate "2013.11.20"]
[SourceVersion "1"]
[SourceVersionDate "2013.11.20"]
[SourceQuality "1"]

1. Nf3 d5 2. b4 Nf6 3. Bb2 e6 4. a3 b6 5. e3 c5 6. bxc5 bxc5 7. Bb5+ Bd7 8. Bxd7+ Nbxd7 9. d4 Bd6 10. Nbd2 0-0 11. 0-0 Qc7 12. Re1 Rab8 13. Rb1 Ng4 14. h3 Ngf6 15. e4 dxe4 16. Nxe4 Nxe4 17. Rxe4 Nf6 18. Re1 Rfd8 19. Qe2 cxd4 20. Nxd4 Bc5 21. Nf3 Nd5 22. Be5 Bd6 23. Rxb8 1/2-1/2

[Event "Polanica Zdroj op-D 48th"]
[Site "Polanica Zdroj"]
[Date "2012.08.25"]
[Round "8"]
[White "Bladoszewski, Kamil"]
[Black "Stoop, Jan"]
[Result "1/2-1/2"]
[WhiteElo "1479"]
[BlackElo "1761"]
[PlyCount "77"]
[EventDate "2012.08.18"]
[EventType "swiss"]
[EventRounds "9"]
[EventCountry "POL"]
[SourceTitle "EXT 2014"]
[Source "ChessBase"]
[SourceDate "2013.11.20"]
[SourceVersion "1"]
[SourceVersionDate "2013.11.20"]
[SourceQuality "1"]

1. e4 e5 2. Nf3 Nc6 3. Bc4 Nf6 4. d3 Be7 5. 0-0 d6 6. Bg5 0-0 7. c3 a6 8. Re1 b5 9. Bb3 Na5 10. d4 Nxb3 11. Qxb3 Nd7 12. Bxe7 Qxe7 13. Nbd2 c5 14. Qc2 Bb7 15. b3 Rac8 16. d5 f5 17. c4 f4 18. Rab1 g5 19. g3 Kh8 20. Qd3 b4 21. Rbc1 Rg8 22. Nb1 Nf6 23. Kh1 Rcf8 24. Rg1 Bc8 25. Qe2 Bg4 26. Qd3 Bh5 27. Nbd2 Ng4 28. Rcf1 fxg3 29. fxg3 Qg7 30. h3 Nf6 31. g4 Qd7 32. Nxe5 dxe5 33. gxh5 h6 34. Qg3 Qd6 35. Qf3 a5 36. Ra1 Qd7 37. Qg3 Qd6 38. Qf3 Qd7 39. Qg3 1/2-1/2

[Event "Polanica Zdroj op-D 48th"]
[Site "Polanica Zdroj"]
[Date "2012.08.20"]
[Round "3"]
[White "Stoop, Jan"]
[Black "Pluta, Natalia"]
[Result "1-0"]
[WhiteElo "1761"]
[BlackElo "1391"]
[PlyCount "59"]
[EventDate "2012.08.18"]
[EventType "swiss"]
[EventRounds "9"]
[EventCountry "POL"]
[SourceTitle "EXT 2014"]
[Source "ChessBase"]
[SourceDate "2013.11.20"]
[SourceVersion "1"]
[SourceVersionDate "2013.11.20"]
[SourceQuality "1"]

1. e4 d5 2. exd5 Qxd5 3. Nc3 Qa5 4. d4 Bf5 5. Nf3 Nf6 6. Bc4 e6 7. Bd2 c6 8. 0-0 Qc7 9. Re1 Bd6 10. Bg5 Nbd7 11. h3 h6 12. Be3 g5 13. Bd3 Bxd3 14. Qxd3 0-0-0 15. Rab1 g4 16. hxg4 Nxg4 17. b4 h5 18. Bg5 f6 19. Bh4 e5 20. b5 exd4 21. bxc6 dxc3 22. cxd7+ Rxd7 23. Qf5 Qc5 24. Qe6 Be5 25. Rxb7 Qd6 26. Qxd7+ Qxd7 27. Rxd7 Kxd7 28. Nxe5+ fxe5 29. f3 Nh6 30. Rxe5 1-0

[Event "Polanica Zdroj op-D 48th"]
[Site "Polanica Zdroj"]
[Date "2012.08.19"]
[Round "2"]
[White "Choina, Mateusz"]
[Black "Stoop, Jan"]
[Result "0-1"]
[WhiteElo "1308"]
[BlackElo "1761"]
[PlyCount "88"]
[EventDate "2012.08.18"]
[EventType "swiss"]
[EventRounds "9"]
[EventCountry "POL"]
[SourceTitle "EXT 2014"]
[Source "ChessBase"]
[SourceDate "2013.11.20"]
[SourceVersion "1"]
[SourceVersionDate "2013.11.20"]
[SourceQuality "1"]

1. Nf3 Nf6 2. g3 d5 3. Bg2 e6 4. d3 b6 5. 0-0 Bb7 6. c4 Be7 7. a3 a5 8. Nc3 0-0 9. Bf4 Bd6 10. Qc1 Re8 11. Nb5 e5 12. Nxd6 cxd6 13. Bd2 Nbd7 14. b4 Rc8 15. Ra2 dxc4 16. dxc4 d5 17. Rc2 d4 18. Re1 Be4 19. Rb2 d3 20. exd3 Bxd3 21. c5 axb4 22. axb4 bxc5 23. Qc3 e4 24. Ng5 h6 25. Nh3 Nd5 26. Qc1 cxb4 27. Qd1 Qf6 28. Bc1 Nc5 29. Qh5 Re5 30. Qg4 Rb8 31. Bf1 Bxf1 32. Rxf1 Nd3 33. Rb1 b3 34. Nf4 N3xf4 35. gxf4 Qf5 36. Qg3 Re6 37. Rxb3 Rxb3 38. Qxb3 Rg6+ 39. Kh1 Qg4 40. Qg3 Qh5 41. Qb3 Qe2 42. Rg1 Rxg1+ 43. Kxg1 Qe1+ 44. Kg2 Qxc1 0-1

[Event "Polanica Zdroj op-D 48th"]
[Site "Polanica Zdroj"]
[Date "2012.08.18"]
[Round "1"]
[White "Stoop, Jan"]
[Black "Szydelko, Michal"]
[Result "1/2-1/2"]
[WhiteElo "1761"]
[BlackElo "1352"]
[PlyCount "55"]
[EventDate "2012.08.18"]
[EventType "swiss"]
[EventRounds "9"]
[EventCountry "POL"]
[SourceTitle "EXT 2014"]
[Source "ChessBase"]
[SourceDate "2013.11.20"]
[SourceVersion "1"]
[SourceVersionDate "2013.11.20"]
[SourceQuality "1"]

1. e4 c5 2. Nf3 Nc6 3. d4 cxd4 4. Nxd4 Nf6 5. Nc3 d6 6. Bc4 e6 7. Bb3 Be7 8. Be3 0-0 9. f3 a6 10. Qd2 Qc7 11. 0-0-0 Ne5 12. g4 Nc4 13. Bxc4 Qxc4 14. g5 Nd7 15. f4 b5 16. Qd3 Qxd3 17. cxd3 Bb7 18. Rhg1 Nc5 19. f5 b4 20. Nce2 e5 21. Nb3 Nxb3+ 22. axb3 Rfc8+ 23. Kd2 Kh8 24. g6 fxg6 25. fxg6 hxg6 26. Rxg6 Bf6 27. Ng3 Kh7 28. Rg4 1/2-1/2

[Event "Polanica Zdroj op-D 47th"]
[Site "Polanica Zdroj"]
[Date "2011.08.26"]
[Round "7"]
[White "Stoop, Jan"]
[Black "Zielinski, Marcin"]
[Result "0-1"]
[WhiteElo "1815"]
[BlackElo "1573"]
[PlyCount "74"]
[EventDate "2011.08.20"]
[EventType "swiss"]
[EventRounds "9"]
[EventCountry "POL"]
[SourceTitle "EXT 2014"]
[Source "ChessBase"]
[SourceDate "2013.11.20"]
[SourceVersion "1"]
[SourceVersionDate "2013.11.20"]
[SourceQuality "1"]

1. Nf3 Nf6 2. c4 c5 3. Nc3 Nc6 4. d4 cxd4 5. Nxd4 a6 6. g3 e6 7. Bg2 d5 8. 0-0 Be7 9. cxd5 Nxd5 10. e4 Nxc3 11. bxc3 Ne5 12. f4 Ng6 13. h4 Bc5 14. h5 e5 15. hxg6 exd4 16. gxf7+ Kf8 17. Qh5 Qe7 18. c4 g6 19. Qh6+ Kxf7 20. f5 gxf5 21. exf5 Qf8 22. Bd5+ Ke8 23. Re1+ Kd8 24. Bg5+ Kc7 25. Bf4+ Bd6 26. g4 Qxh6 27. Bxh6 Bc5 28. Rab1 Rb8 29. Bg7 d3+ 30. Kg2 Rd8 31. Rbd1 b5 32. Rxd3 Bb7 33. Red1 bxc4 34. Be5+ Bd6 35. Bxd6+ Rxd6 36. Rd4 Rxd5 37. Rxd5 Rd8 0-1

[Event "Polanica Zdroj op-D 47th"]
[Site "Polanica Zdroj"]
[Date "2011.08.25"]
[Round "6"]
[White "Frej, Zofia"]
[Black "Stoop, Jan"]
[Result "0-1"]
[WhiteElo "1465"]
[BlackElo "1815"]
[PlyCount "66"]
[EventDate "2011.08.20"]
[EventType "swiss"]
[EventRounds "9"]
[EventCountry "POL"]
[SourceTitle "EXT 2014"]
[Source "ChessBase"]
[SourceDate "2013.11.20"]
[SourceVersion "1"]
[SourceVersionDate "2013.11.20"]
[SourceQuality "1"]

1. e4 a6 2. d4 d6 3. Nf3 g6 4. Nc3 Bg7 5. Be2 Nf6 6. 0-0 0-0 7. h3 b5 8. a3 Bb7 9. e5 Nd5 10. e6 Nxc3 11. bxc3 fxe6 12. Ng5 Bd5 13. Bg4 Rf6 14. Re1 h6 15. Bxe6+ Bxe6 16. Nxe6 Qd7 17. Qe2 Nc6 18. d5 Ne5 19. f4 Nc4 20. Nxg7 Kxg7 21. Qxe7+ Qxe7 22. Rxe7+ Rf7 23. Rxf7+ Kxf7 24. f5 g5 25. g4 Re8 26. Kf2 Re5 27. h4 Kf6 28. Bxg5+ hxg5 29. h5 Ne3 30. Kg3 Nxd5 31. Rh1 Re7 32. h6 Rh7 33. Kf3 Nxc3 0-1

[Event "Polanica Zdroj op-D 47th"]
[Site "Polanica Zdroj"]
[Date "2011.08.23"]
[Round "4"]
[White "Jankowski, Rafal"]
[Black "Stoop, Jan"]
[Result "0-1"]
[WhiteElo "1529"]
[BlackElo "1815"]
[PlyCount "66"]
[EventDate "2011.08.20"]
[EventType "swiss"]
[EventRounds "9"]
[EventCountry "POL"]
[SourceTitle "EXT 2014"]
[Source "ChessBase"]
[SourceDate "2013.11.20"]
[SourceVersion "1"]
[SourceVersionDate "2013.11.20"]
[SourceQuality "1"]

1. e4 d6 2. d4 Nf6 3. Nc3 g6 4. Nf3 Bg7 5. Be2 0-0 6. 0-0 b6 7. Be3 Bb7 8. Bd3 Nbd7 9. h3 c5 10. d5 Rc8 11. Qe2 Qc7 12. Nb5 Qb8 13. c4 a6 14. Nc3 e6 15. Qd2 exd5 16. exd5 b5 17. Rad1 bxc4 18. Bxc4 Nb6 19. b3 Rfe8 20. Rfe1 Ne4 21. Nxe4 Rxe4 22. Qc1 Rce8 23. Bd3 R4e7 24. Bc4 Qa8 25. Bf4 Qd8 26. a4 Rxe1+ 27. Nxe1 Re4 28. f3 Bd4+ 29. Kh2 Rxf4 30. Nc2 Be5 31. Kh1 Nxc4 32. bxc4 Rxc4 33. Qb1 Qc7 0-1